000
00344nam a22001577a 4500
003
SGT
020
_a
9788123901503
082
_a
624
100
_a
MOONDRA,H.S
245
_a
LABORATORY MANUAL FOR CIVIL ENGNEERING
250
_a
2ND
260
_a
NEW DELHI
_b
CBS
_c
2019
300
_a
266
650
_a
CIVIL ENGNEERING
942
_2
ddc
_c
BK
999
_c
22934
_d
22934